| 000 | 00664cam a2200217 4500 | ||
|---|---|---|---|
| 001 | D1335 | ||
| 008 | 970304s1985 xxkco g deng | ||
| 035 | _a(Sirsi) u63487 | ||
| 041 | 0 | _aeng | |
| 050 | 0 | 4 | _a920 $2 18 |
| 110 | 2 |
_aBaxter, Payne and Lepper _91772 |
|
| 245 | 0 | 0 |
_aBaxter; Baxter and Payne; Baxter, Payne and Lepper _ba chronicle of the period 1760 to 1985... |
| 260 |
_a[Bromley] _bBaxter, Payne and Lepper _c1985 |
||
| 300 |
_a57p. _bill. facims. ports. _c28cm |
||
| 600 | 1 | 4 | _aBaxter, Samuel |
| 600 | 1 | 4 | _aPayne, Frederick |
| 600 | 1 | 4 | _aLepper, Jack |
| 690 | _aABOUT RICS-RICS MEMBERS-CHARTERED SURVEYORS | ||
| 942 | _n0 | ||
| 948 | _c04/03/1997 | ||
| 999 |
_c94571 _d94571 |
||